Bilecik Bilecik Bilecik Bilecik Bilecik

Türk-Ermeni ilişkilerinde yeni yaklaşımlar uluslararası sempozyum, 15-17 Mart 2006 = (Record no. 24820)

MARC details
000 -BAŞLIK
Sabit Uzunluktaki Kontrol Alanı 01379nam a22003377a 4500
001 - KONTROL NUMARASI
Control Dosyası 0024870
003 - KONTROL NUMARASI KİMLİĞİ
Kontrol Alanı KOHA_MİRAKIL
005 - EN SON İŞLEM TARİHİ ve ZAMANI
Kontrol Alanı 20260207002452.0
007 - FİZİKSEL TANIM SABİT ALAN - GENEL BİLGİ
Sabit uzunluklu kontrol alanı ta
008 - SABİT UZUNLUKTAKİ VERİ ÖGELERİ - GENEL BİLGİ
Sabit Alan 101126b2008 tu |||gr||||#0|||0|tur |
020 ## - ISBN - ULUSLARARASI STANDART KİTAP NUMARASI
Isbn 9789754048049
040 ## - KATALOGLAMA KAYNAĞI
Özgün Kataloglama Kurumu TR-BiSEU
Kataloglama Dili tur
Çeviri Kurumu TR-BiSEU
Açıklama Kuralları rda
041 0# - DİL KODU
Metin ya da ses kaydının dil kodu tur
044 ## - YAYINLAYAN/ÜRETEN KURULUŞUN ÜLKE KODU
ISO country code tu
050 ## - SINIFLAMA ve YER NUMARASI
Sınıflama Numarası DR435
Yer Numarası .T87 2008
111 2# - TOPLANTI ADI
Toplantı Adı Türk-Ermeni İlişkilerinde Yeni Yaklaşımlar Uluslararası Sempozyum
9 (RLIN) 50606
240 10 - TEK BİÇİM BAŞLIK
Tekbiçim Başlık <a href="the new approaches to Turkish-Armenian relations international symposium, 15-17 March 2006">the new approaches to Turkish-Armenian relations international symposium, 15-17 March 2006</a>
Language of a work Türkçe
245 1# - ESER ADI BİLDİRİMİ
Başlık Türk-Ermeni ilişkilerinde yeni yaklaşımlar uluslararası sempozyum, 15-17 Mart 2006 =
Alt Eseradı vb. the new approaches to Turkish-Armenian relations international symposium, 15-17 March 2006/
Sorumluluk Bildirimi Hazırlayan Şafak Ural, Feridun Emecen, Mustafa Aydın.
264 #1 - ÜRERİM, YAYIN, DAĞITIM ve TELİF BİLDİRİMİ
Yayın yeri İstanbul :
Yayınlayan İstanbul Üniversitesi
Yayın tarihi 2008
300 ## - FİZİKSEL TANIMLAMA
Sayfa, Cilt vb. 949 sayfa; 24 cm.
336 ## - İÇERİK TÜRÜ
Content type term metin
Content type code txt
Source rdacontent
337 ## - MEDYA TÜRÜ
Media type term aracısız
Media type code n
Source rdamedia
338 ## - TAŞIYICI TÜRÜ
Carrier type term cilt
Carrier type code nc
Source rdacarrier
490 1# - DİZİ BİLDİRİMİ
Dizi Bildirimi İstanbul Üniversitesi ;
Cilt Numarası yayın no: 4745
500 ## - GENEL NOT
Genel Not Kaynakça ve dizin var.
650 #0 - KONU BAŞLIĞI EK GİRİŞ - KONU TERİMİ
Konusal terim veya coğrafi ad Türkiye--Etnik ilişkiler--Ermeniler--Kongreler.
9 (RLIN) 47174
650 #0 - KONU BAŞLIĞI EK GİRİŞ - KONU TERİMİ
Konusal terim veya coğrafi ad Turkey--Ethnic relations--Armenians--Congresses.
9 (RLIN) 47173
830 1# - SERİ EK GİRİŞİ - TEKBİÇİM ESER ADI
Tekbiçim Başlık İstanbul Üniversitesi ;
Volume number/sequential designation yayın no: 4745
9 (RLIN) 6964
907 ## - LOCAL DATA ELEMENT G, LDG (RLIN)
a Tarih
942 ## - EK GİRİŞ ÖGELERİ (KOHA)
Source of classification or shelving scheme Library of Congress Classification
Koha item type Book
Holdings
Materyal Türü Kalıcı Konum Mevcut Konum Raf Yeri Sınıflandırma Kaynağı Edinim Bilgisi Ana Konular Alt Konular Yer Numarası Demirbaş Numarası Fatura Tarihi Geri Çekilme Durumu Kayıp Durumu Hasarlı Durumu Kredi için değil Kayıt Tarih Toplam Ödünçverme Son Görülme Tarihi Son Kontrol Tarihi Genel / Bağış Notu
Book Prof. Dr. Azmi Özcan Kütüphanesi Prof. Dr. Azmi Özcan Kütüphanesi Uluğbey Salonu Library of Congress Classification Bağış DÜNYA TARİHİ (AVRUPA, ASYA, AFRİKA VB.) Balkan Yarımadası DR435 .T87 2008 0024870 02/02/2026         26/11/2010 1 05/12/2024 05/12/2024 Azmi Özcan, Akademisyen